000 00789nam a2200205Ia 4500
003 Ost
005 20260507075646.0
008 260507s9999||||xx |||||||||||||| ||und||
040 _cfsecg
041 _aara
082 _a340
100 _aزهران، همام محمد محمود
_eمؤلف
245 0 _aالمدخل للقانون :
_bالأصول العامة للقاعدة القانونية والحق /
_c همام محمد محمود زهران
260 _aالإسكندرية:
_bدار الجامعة الجديدة,
_c2004
300 _a235 صفحة؛
_bإيضاحات ؛
_c24 سم
520 _aالأصول العامة للقاعدة القانونية، الأصول العامة للحق
653 _aالحقوق
653 _aالقانون
942 _cكتاب
999 _c45477
_d45477